HOI4 Flags #1 - Statistics

General Stats
  • This quiz has been taken 84 times
  • The average score is 4 of 16
Answer Stats
Picture Answer % Correct
Austria
93%
England
81%
Portugal
79%
Malawi
66%
Timurid Empire
26%
Udmurtia
20%
Al-Andalus
13%
Zaire
10%
Nordic League
9%
Anarcho-communist Union of Africa
4%
Democratic Republic of Cabo Verde
3%
Don Cossack Host
3%
LAO fascism
3%
Republic of Guadeloupe
3%
Shanxi Republic
3%
Western Indian States
3%
No matching quizzes found
Score Distribution
Percent of People with Each Score
Percentile by Number Answered
Your Score History
You have not taken this quiz